[Event "HUN-chT2 Toth 0809"]
[Site "Hungary"]
[Date "2009.02.22"]
[Round "8.11"]
[White "Feig, Janos"]
[Black "Kondor, Daniel"]
[Result "0-1"]
[WhiteElo "1682"]
[BlackElo "1703"]
[PlyCount "42"]
[EventDate "2008.10.26"]
[EventType "team-tourn"]
[EventRounds "11"]
[EventCountry "HUN"]
[SourceTitle "EXT 2010"]
[Source "ChessBase"]
[SourceDate "2010.11.25"]
[SourceVersion "1"]
[SourceVersionDate "2010.11.25"]
[SourceQuality "1"]
[WhiteTeam "Karcag"]
[BlackTeam "Szentes"]
[WhiteTeamCountry "HUN"]
[BlackTeamCountry "HUN"]

1. e4 e5 2. Nf3 d6 3. Bc4 Be7 4. 0-0 Nf6 5. d3 0-0 6. c3 Nc6 7. a3 Bg4 8. Nbd2 a6 9. b4 b5 10. Ba2 a5 11. Qc2 Qd7 12. d4 exd4 13. Nxd4 Nxd4 14. cxd4 axb4 15. axb4 Rac8 16. f3 Bh5 17. Nb3 Bg6 18. Bg5 d5 19. Qf2 dxe4 20. Bxf6 Bxf6 21. fxe4 Bxe4 0-1